| 000 | 03137nam a2200481Ii 4500 | ||
|---|---|---|---|
| 001 | DIGDOCUN0006 | ||
| 003 | NyNyDIG | ||
| 008 | 141201s2006 sp ob 100 0 ger d | ||
| 006 | m o d | ||
| 007 | cr ||||||||||| | ||
| 035 | _a(OCoLC)992039565 | ||
| 040 |
_aDGITA _beng _erda _epn _cDIGITA |
||
| 020 | _z8493495921 | ||
| 020 | _z9788493495923 | ||
| 041 | 0 |
_ager _afre _aspa _aeng |
|
| 050 | 1 | 4 | _aB2949.S6 eBook |
| 245 | 0 | 4 |
_aDie Idee der bürgerlichen Gesellschaft : _bHegel und die Folgen / _cJörg Zimmer, Domenico Losurdo (Hrsg.). |
| 246 | 3 | 0 | _aHegel und die Folgen |
| 264 | 1 |
_aGirona : _bDocumenta Universitaria : _bInternationale Gesellschaft Hegel-Marx für dialektisches Denken, _c2006. |
|
| 300 | _a1 online resource (184 pages). | ||
| 336 |
_atext _btxt _2rdacontent |
||
| 337 |
_acomputer _bc _2rdamedia |
||
| 338 |
_aonline resource _bcr _2rdacarrier |
||
| 490 | 1 |
_aAnnalen der Internationalen Gesellschaft Hegel-Marx für dialektisches Denken ; _v13 |
|
| 500 | _aProceedings of the conference held 5-7 Sept. 2002 in Girona. | ||
| 504 | _aIncludes bibliographical references. | ||
| 505 | 0 | _aEl "hombre" en la Sociedad Civil. Félix Duque (Madrid) / Felix Duque -- Bürgerliche Gesellschaft und Staat: Hegel,Marx und die zwei Liberalismen /Domenico Losurdo -- Société, culture, école selon Hegel / Bernard Bourgeois -- Marx et la Société Civile en 1843 / André Tosel -- Sociedad Civil y Moralidad en la"Filosofía del Derecho" de Hegel / Gabriel Amengual Coll -- À propos de la catégorie bürgerliche Gesellschaft chez Marx. Une annotation /José Barata-Moura -- Die Stufe des Scheins.Zum spekulativen Begriff der bürgerlichen Gesellschaft bei Hegel und MarxJ / Jörg Zimmer -- De Marx à Hegel: du besoin à la reconnaissance. La globalisation comme dis-solution (Aufh ebung) de l?américanisme / Roberto Finelli -- Modern Communism versus "nostalgiafor community" in Karl Marx / Stefano G. Azzarà -- Hegels Begriff der Freiheit als logische Vermittlung von Einzelnem und Allgemeinem und als reale historische Vermittlung von Individuum und Gemeinschaft im System der Bedürfnisse /Hans Heinz Holz. | |
| 546 | _aIncludes contributions in German, English, French and Spanish. | ||
| 588 | 0 | _aOnline resource; title from ePub and PDF title page (Digitalia, viewed October 6, 2014) | |
| 600 | 1 | 0 |
_aHegel, Georg Wilhelm Friedrich, _d1770-1831 _xCriticism and interpretation _vCongresses. |
| 650 | 0 |
_aMiddle class _vCongresses. |
|
| 650 | 0 |
_aSocialism _xHistory _vCongresses. |
|
| 655 | 0 | _aElectronic books. | |
| 700 | 1 |
_aZimmer, Jörg, _editor. |
|
| 700 | 1 |
_aLosurdo, Domenico, _editor. |
|
| 791 | 2 |
_aDigitalia (Firm), _edistributor. |
|
| 793 | 0 |
_gDigitalia eBook Collection: _aDocumenta Universitaria |
|
| 776 | 0 | 8 |
_iPrint version: _tDie Idee der bürgerlichen Gesellschaft. _dGirona : Documenta Universitaria, 2006 _z9788493495923 _w(OCoLC)ocn689309220. |
| 830 | 0 |
_aAnnalen der Internationalen Gesellschaft Hegel-Marx für dialektisches Denken ; _v13. |
|
| 856 | 4 | 0 |
_3Digitalia Hispánica _uhttps://www.digitaliapublishing.com/a/21061/ |
| 910 | _aPremium Collection: 2014 | ||
| 942 | _cRAA | ||
| 999 |
_c237292 _d237292 |
||